|
|
|
|
| LEADER |
00868nab a2200229 i 4500 |
| 001 |
misc64740 |
| 005 |
20231026082707.0 |
| 008 |
230703s1958 hu o 0|| rus d |
| 040 |
|
|
|a SZTE Miscellanea Repozitórium
|b hun
|
| 041 |
|
|
|a rus
|
| 100 |
1 |
|
|a Sevortân Èrvand Vladimirovič
|
| 245 |
1 |
0 |
|a Ob istoričeskom položenii kategorij perehodnosti i neperehodnosti v tûrkskih âzykah
|h [elektronikus dokumentum] /
|c Sevortân Èrvand Vladimirovič
|
| 260 |
|
|
|a AN SSSR
|b [Moskva]
|c 1958
|
| 300 |
|
|
|a 25-39
|c 26 cm
|
| 300 |
|
|
|a [15] p.
|c 26 cm
|
| 490 |
0 |
|
|a Voprosy âzykoznaniâ
|
| 561 |
|
|
|a Németh Gyula hagyaték
|
| 591 |
|
|
|a NOA 5551; LOA 3795
|
| 650 |
|
4 |
|a Bölcsészettudományok
|
| 650 |
|
4 |
|a Nyelvek és irodalom
|
| 695 |
|
|
|a Török nyelvtörténet, Török nyelv - ige
|
| 856 |
4 |
0 |
|u http://misc.bibl.u-szeged.hu/64740/1/5551_noa.pdf
|z Dokumentum-elérés
|